Plus ca change, moins ca change demonstrations in France during the nineteen-eighties

Gespeichert in:
Bibliographische Detailangaben
1. Verfasser: Fillieule, Oliver
Format: Buch
Sprache:Englisch
Veröffentlicht: San Domenico (FI) European University Institute/Robert Schuman Centre 1997
Schriftenreihe:EUI Working paper RSC No. 97/18
Schlagworte:
Tags: Tag hinzufügen
Keine Tags, Fügen Sie das erste Tag hinzu!

MARC

LEADER 00000nam a2200000 4500
001 c134515
005 20221124073807.6
041 0 |a eng 
044 |a IT 
245 1 0 |a Plus ca change, moins ca change  |b demonstrations in France during the nineteen-eighties  |c Oliver Fillieule 
264 1 |a San Domenico (FI)  |b European University Institute/Robert Schuman Centre  |c 1997 
300 |a 27 s. 
490 1 |a EUI Working paper RSC  |v No. 97/18 
830 0 |a EUI Working paper RSC  |v No. 97/18 
610 2 0 |a demonštrácie 
610 2 0 |a konflikty 
610 2 0 |a politika 
610 2 0 |a problémy spoločenské 
610 2 0 |a triedy spoločenské 
610 2 0 |a demokracia 
610 2 0 |a štát 
610 2 0 |a Francúzsko 
100 1 |a Fillieule, Oliver